Segunda parte del Cancionero General agora neuamente copilado de los mas gracioso y discreto de muchos afamados trovadores (Record no. 39516)
[ view plain ]
| 000 -LEADER | |
|---|---|
| campo de control de longitud fija | 01010nam a2200229 i 4500 |
| 001 - NÚMERO DE CONTROL | |
| campo de control | 39516 |
| 003 - IDENTIFICADOR DE NÚMERO DE CONTROL | |
| campo de control | ES-MaACL |
| 005 - FECHA Y HORA DE LA ÚLTIMA TRANSACCIÓN | |
| campo de control | 20230906160018.0 |
| 007 - CAMPO FIJO DE DESCRIPCIÓN FÍSICA--INFORMACIÓN GENERAL | |
| campo de control de longitud fija | t| |
| 008 - DATOS DE LONGITUD FIJA--INFORMACIÓN GENERAL | |
| campo de control de longitud fija | 030303s1956 sp ||||1| spa d |
| 245 00 - MENCIÓN DEL TÍTULO | |
| Título | Segunda parte del Cancionero General agora neuamente copilado de los mas gracioso y discreto de muchos afamados trovadores |
| Resto del título | : (Zaragoza, 1552) : reimpreso, por vez primera, [del] ejemplar único existente en la Biblioteca Nacional de Viena / |
| Mención de responsabilidad, etc. | con un estudio preliminar de Antonio Rodríguez-Moñino. |
| 260 ## - PUBLICACIÓN, DISTRIBUCIÓN, ETC. | |
| Lugar de publicación, distribución, etc. | Valencia : |
| Nombre del editor, distribuidor, etc. | Castalia, |
| Fecha de publicación, distribución, etc. | 1956. |
| 300 ## - DESCRIPCIÓN FÍSICA | |
| Extensión | XXVIII, [363] p. ; |
| Dimensiones | 18 cm. |
| 490 1# - MENCIÓN DE SERIE | |
| Mención de serie | Floresta. Joyas poéticas españolas ; |
| Designación de volumen o secuencia | 7 |
| 500 ## - NOTA GENERAL | |
| Nota general | Reprod. facs. de la ed. de : Çaragoça : por Steuan G. Najera, 1552. |
| 655 #7 - TERMINO DE INDIZACIÓN--GENERO/FORMA | |
| Fuente del término | tgfbne |
| 9 (RLIN) | 226495 |
| Datos o término principal de género/forma | Facsímiles |
| 700 1# - ENTRADA AGREGADA--NOMBRE PERSONAL | |
| Nombre de persona | Rodríguez-Moñino, Antonio. |
| 9 (RLIN) | 98681 |
| 830 0# - PUNTO DE ACCESO ADICIONAL DE SERIE-TÍTULO UNIFORME | |
| Título uniforme | Floresta. Joyas poéticas españolas ; |
| Designación de volumen o secuencia | 7 |
| 9 (RLIN) | 183885 |
| 852 ## - LOCALIZACIÓN | |
| Ubicación | ES-MaACL |
| Número de control de estantería | C-12481 |
| Sublocalización o colección | R.39928 |
| 942 ## - ELEMENTOS DE ENTRADA SECUNDARIOS (KOHA) | |
| Fuente del sistema de clasificación o colocación | Clasificación decimal universal |
| Estatus retirado | Estado de pérdida | Estado de daño | No para préstamo | Biblioteca de origen | Biblioteca actual | Ubicación en estantería | Fecha de adquisición | Fuente de adquisición | Total de préstamos | Signatura topográfica completa | Código de barras | Visto por última vez | Precio de reemplazo | Tipo de ítem Koha |
|---|---|---|---|---|---|---|---|---|---|---|---|---|---|---|
| Biblioteca del Ateneo de Madrid | Biblioteca del Ateneo de Madrid | Sala Palomar | 17/01/2008 | C-12481 | 1041615 | 23/02/2023 | 23/02/2023 | Libro impreso |
